000
00325nam a22001457a 4500
008
221102b ||||| |||| 00| 0 eng d
020
_a
0126278709
041
_a
eng
080
_2
THIRD EDITION
_a
573
082
_a
573 SCH
100
_a
16.1
101
_a
BIO
245
_a
BIOLOGY OF AGING
_c
SCHNEIDER E
942
_2
udc
_c
BK
999
_c
58718
_d
58718